000 01088nam a2200241Ia 4500
003 Ost
005 20260507075205.0
008 260507s9999||||xx |||||||||||||| ||und||
020 _a70368299579
040 _cfsecg
041 _aara
082 _a330
100 _aعقله، محمود يوسف
_eمؤلف
245 0 _aإدارة المؤسسات الدولية /
_c محمود يوسف عقله
260 _aعمان:
_bدار البداية,
_c2009
300 _a219 صفحة؛
_bإيضاحات ؛
_c24 سم
504 _aمراجع ص.219
520 _aمفهوم و فوائد الرقابة ، نظم المتابعة و تقييم الاداء ، الاتصالات في الادارة ، اتخاذ القرارات ، القيادة الادارية ، مقدمة لادارة الاعمال الدولية ، التسويق و المسؤولية الاجتماعية ، مفهوم المسؤولية الاجتماعية .
653 _aإدارة الاعمال
653 _aالإدارة العامة
653 _aالقطاع العام
942 _cكتاب
999 _c43427
_d43427